| 000 | 02319nam a2200337 4500 | ||
|---|---|---|---|
| 001 | 114145 | ||
| 003 | DR-UNIBE | ||
| 005 | 20260220062611.0 | ||
| 008 | 251010b2025 dr ||||| |||| 00| 0 spa d | ||
| 020 | _a9789945294699 | ||
| 040 |
_aBIBLIOTECA UNIBE _cBIBLIOTECA UNIBE _bspa |
||
| 041 | _aspa | ||
| 082 |
_222 _aRD 339.7293 S232a |
||
| 100 | 1 | 0 |
_aSantana García, Félix Antonio _eautor _9199658 |
| 245 | 1 | 0 |
_aAvatares económicos y financieros / _cFélix Antonio Santana García |
| 250 | _aPrimera edición | ||
| 260 |
_aSanto Domingo : _b[Editor no identificado], _c2025 |
||
| 300 |
_a280 páginas ; _c23 cm |
||
| 505 | 0 | _aPrólogo | Capítulo I. La deuda pública | Capítulo II. El presupuesto estatal | Capítulo III. La política fiscal | Capítulo IV. Los déficits fiscales | Capítulo V. Finanzas del gobierno | Capítulo VI. Apreciación energética | Capítulo VII. Banca y monedas | Capítulo VIII. Dispendio y corrupción | Capítulo IX. Economía y competitividad | Capítulo X. Tema inflacionario | Capítulo XI. Bonos y préstamos | Capítulo XII. Impuestos y efectos | |
| 520 | 3 | _aAvatares Económicos y Financieros condensa 69 artículos en los cuales se ponderan tópicos de alto interés nacional e internacional relativos a la economía y las finanzas en torno a acontecimientos ocurridos en el período 2014-2020, un período caracterizado por tensiones fiscales acumuladas, reformas estructurales y el inicio de la pandemia del Covid-19. En ella se abordan temas como deuda pública, gasto, inflación, recaudación y aranceles, estructurados en doce capítulos temáticos que permiten al lector comprender la evolución de la economía desde una perspectiva técnica y social. | |
| 650 | 7 |
_2lemb _aMacroeconomía _zRepública Dominicana _91463 |
|
| 650 | 7 |
_2lemb _aEconomía _zRepública Dominicana _91462 |
|
| 650 | 7 |
_2lemb _aFinanzas _zRepública Dominicana _95397 |
|
| 651 | 7 |
_2lemb _aRepública Dominicana _xPolítica económica _92897 |
|
| 651 | 7 |
_2lemb _aRepública Dominicana _xCondiciones económicas _y2014-2020 _9199692 |
|
| 655 | 7 |
_2lemb _aArtículos de prensa _9199674 |
|
| 700 |
_aTejera, Eduardo J., _d1947- _eprologuista _949748 |
||
| 700 | 1 |
_aLópez Reyes, Oscar _ecuidado de edición _9199670 |
|
| 700 | 1 |
_aDíaz Martínez, Luis _ecorrector de estilo _9199693 |
|
| 942 |
_2ddc _cBK |
||
| 999 |
_c114145 _d114145 |
||